000 00846nam a22002657a 4500
001 9948
003 FISKH
005 20260319093230.0
008 260319b cb ||||| |||| 00| 0 eng d
020 _a076714006997
040 _aFISKH
_beng
_cFISKH
_dFISKH
050 _aBV265 .F5
082 _a242.82
100 _aField, Rachel
_eAuthor
245 _aPrayer for a child /
_cBy Rachel Field ; pictures by Elizabeth Orton Jones
260 _aNew York :
_bLittle Simon ,
_c1941
300 _a28 unnumbered pages :
_bcolor illustrations ;
_c15 cm
505 _aNP
520 _aAn illustrated bedtime prayer which gives thanks for the many aspects of a child's world.
521 8 _aNP
_bLexile
650 _aChildren's literature
_vBoard book
700 _aJones, Elizabeth Orton
_eIllustrator
942 _2ddc
_cBK
_n0
999 _c9948
_d9948